Countries Visited by Gerald Ford - Statistics

General Stats
  • This quiz has been taken 20 times
  • The average score is 14 of 18
Answers on the Map
Answers color-coded by a green-red scale on the quiz's map according to % correct below.
 
Answer Stats
Year(s) Answer % Correct
1975 China
100%
1974,1975 France
100%
1974 Mexico
100%
1974 Russia
100%
1975 Spain
100%
1975 Germany
93%
1974 Japan
93%
1975 Italy
87%
1975 Austria
80%
1975 Poland
80%
1974 South Korea
80%
1975 Romania
67%
1975 Indonesia
60%
1975 Philippines
60%
1975 Vatican City
60%
1975 Belgium
53%
1975 Serbia
53%
1975 Finland
47%
No matching quizzes found
Score Distribution
Percent of People with Each Score
Percentile by Number Answered
Your Score History
You have not taken this quiz